L'étranger

Salvato in:
Dettagli Bibliografici
Autore principale: Camus, Albert
Natura: Libro
Lingua:Undetermined
Pubblicazione: París, Francia Gallimard 1957
Soggetti:
Tags: Aggiungi Tag
Nessun Tag, puoi essere il primo ad aggiungerne!!

MARC

LEADER 00000nam a2200000Ia 4500
008 170316s9999 xx 000 0 und d
040 |a cru BVZT 
090 |a 840 C-2et 
100 |a Camus, Albert 
245 |a L'étranger 
260 |a París, Francia 
260 |b Gallimard 
260 |c 1957 
300 |a 179 páginas 
650 |a LITERATURA FRANCESA 
942 0 0 |0 1 
999 |c 7586  |d 7586